| 000 | 00617nam a2200181 i 4500 | ||
|---|---|---|---|
| 001 | 150414 | ||
| 003 | ES-MaACL | ||
| 005 | 20250131234115.0 | ||
| 007 | t| | ||
| 008 | 071030s1941 sp ||||1| spa d | ||
| 100 | 1 |
_aValbuena Prat, Ángel, _d1900-1977 _9112459 |
|
| 245 | 1 | 0 |
_aCalderón _b: su personalidad, su arte dramático, su estilo y sus obras / _cAngel Valbuena Prat. |
| 260 |
_aBarcelona : _bEd. Juventud, _c[1941] |
||
| 300 |
_a215 p. ; _c21 cm. |
||
| 600 | 1 | 4 |
_aCalderón de la Barca, Pedro- _xCrítica e interpretación _933614 |
| 852 |
_aES-MaACL _jF-15401 _bR.19309 |
||
| 999 |
_c150414 _d150414 |
||